Musicians By Initial: The Letter C - Statistics

General Stats
  • This quiz has been taken 345 times
  • The average score is 9 of 23
Answer Stats
Inits Clue Answer % Correct
CB Rock'n'Roll legend. Johnny B. Goode, Maybellene et al... Chuck Berry
91%
CC He invited us to do the Twist back in 1960. Chubby Checker
78%
CS Female singer songwriter: "I bet you think this song is about you, don't you..." Carly Simon
69%
CW Rolling Stones' drummer Charlie Watts
68%
CH Lead singer of The Pretenders Chrissie Hynde
65%
CL Fronts the band Hole Courtney Love
64%
CI Singer who had a worldwide hit with 'Wicked Game' Chris Isaak
56%
CU American country-pop singer. Won the fourth series of American Idol. 'Inside Your Heaven' Carrie Underwood
54%
CK 'I'm Every Woman' Chaka Khan
54%
CP Jazz legend, known as 'Bird' Charlie Parker
54%
CM Vocalist who joined Fleetwood Mac in 1970 Christine McVie
49%
CG American country singer with floor-length hair. Younger sister of Loretta Lynn. Crystal Gayle
37%
CR Former Sun Records session man who topped the charts with 'The Most Beautiful Girl' Charlie Rich
28%
CA French singer who sold over 180 million records worldwide. Died in 2018 aged 94. Charles Aznavour
27%
CE Actor who 'Talked To The Trees' in 1969. Clint Eastwood
27%
CO German composer Of Carmina Burana Carl Orff
21%
CT Soul singer best known for her 1966 hit B-A-B-Y. Carla Thomas
6%
CJ Keyboard player, guitarist and songwriter for Ian Dury & the Blockheads Chaz Jankel
6%
CN Singer and main songwriter for the band Wire Colin Newman
6%
CY Along wth Peoples, recorded the 1982 disco classic 'Don't Stop The Music' Cavin Yarbrough
5%
CD Female singer, perhaps best known for 'Pilot Of The Airwaves' Charlie Dore
3%
CF 50's Country/Rockabilly singer. Did 'Can't Hardly Stand It' and 'One Hand Loose' Charlie Feathers
3%
CV American female 70's glam/punk singer and actress. Earlier a notorious publicist for David Bowie. Cherry Vanilla
2%
No matching quizzes found
Score Distribution
Percent of People with Each Score
Percentile by Number Answered
Your Score History
You have not taken this quiz